000
00288 a2200121 4500
001
63746
082
_a
833.6 TWA
090
_c
37723
_d
37723
100
_a
Mark Twain
245
_a
Adventures of Tom Sawyer
_h
English
260
_a
Oxford
_b
Oxford university Press
_c
1993
300
_a
255p.
942
_a
NUST-CAE
_k
833.6 TWA
999
_c
298819
_d
298819